00337 a2200097 4500001001000000005001700010008004100027245008500068100002000153773006600173ART_4713920260410161850.0260409a 10aPolíticas de tasa de interés sobre las empresas en períodos inflacionarios1 aMantel, Rolf R.0 tEconómicag- Año XLV, Nº 2 T.1 (jul./dic. 1999)wREV7541